[Event "Cairo Al Ain op"]
[Site "Cairo"]
[Date "2023.11.29"]
[Round "5"]
[White "Elnasri, Mohammed"]
[Black "Magdy, Bishoy"]
[Result "1-0"]
[WhiteElo "1942"]
[BlackElo "1547"]
[PlyCount "123"]
[EventDate "2023.11.27"]
[EventType "swiss"]
[EventRounds "10"]
[EventCountry "EGY"]
[SourceTitle "CB49_2023"]
[SourceDate "2023.12.06"]
[SourceVersion "1"]
[SourceVersionDate "2023.12.06"]
[SourceQuality "1"]

1. e4 e5 2. Nf3 d6 3. d4 Bg4 4. dxe5 Nc6 5. e6 Bxe6 6. Bb5 Bd7 7. 0-0 Nf6 8. Re1 a6 9. Ba4 Ne5 10. Bxd7+ Nfxd7 11. Nc3 Be7 12. h3 Bf6 13. Nd5 c6 14. Nxf6+ Qxf6 15. Nxe5 dxe5 16. Be3 0-0-0 17. Qc1 h6 18. a4 g5 19. b4 b6 20. a5 b5 21. c4 Kb7 22. f3 Qe6 23. cxb5 cxb5 24. Bf2 Nb8 25. Qc5 Rd6 26. Qa7+ Kc8 27. Rac1+ Rc6 28. Rxc6+ Qxc6 29. Qxf7 Rd8 30. Be3 Qd7 31. Qf6 Qd6 32. Qf5+ Nd7 33. Bc5 Qd2 34. Rf1 Kb7 35. Be7 Rc8 36. Kh1 Rc1 37. Rxc1 Qxc1+ 38. Kh2 Qf4+ 39. Qxf4 exf4 40. h4 g4 41. fxg4 Ne5 42. Kh3 Nd3 43. h5 Nf2+ 44. Kh4 Nxe4 45. g5 hxg5+ 46. Bxg5 Nd6 47. Bxf4 Nf7 48. g4 Kc6 49. g5 Nd8 50. g6 Ne6 51. Be5 Kd5 52. g7 Kxe5 53. g8Q Nd4 54. h6 Nf5+ 55. Kg5 Nd4 56. h7 Ne6+ 57. Kg4 Nd4 58. h8Q+ Ke4 59. Qg6+ Ke3 60. Qe5+ Kd2 61. Qxd4+ Kc1 62. Qc6+ 1-0